| 000 | 00881nam a2200289 a 4500 | ||
|---|---|---|---|
| 001 | 000003277 | ||
| 003 | DO-SdBNP | ||
| 005 | 20240125092209.0 | ||
| 007 | 000003277 | ||
| 008 | 090707s2003 sp 000 0 spa d | ||
| 020 |
_a849764302X _c |
||
| 040 |
_aBPMSU _bspa _cBPMSU |
||
| 082 | 4 |
_a362.734 _bG643a 2003 _222 |
|
| 092 | _a | ||
| 100 | 1 | _a González, Ramírez, Mariano | |
| 245 | 1 | 3 |
_aLa adopción : _bcómo adoptarlos y cómo educarlos / _cMariano González Ramírez |
| 260 |
_aBarcelona : _bEdimar Libros, _c2003 |
||
| 300 |
_a185 p. ; _c23 cm. |
||
| 490 | 0 | _aGuía de padres | |
| 590 | _aInventariado, 2024/VM | ||
| 650 | 4 | _aEducación de hijos adoptivos | |
| 650 | 4 |
_aHijos adoptivos _xAspectos psicológicos |
|
| 650 | 4 | _aEducación para la vida familiar | |
| 650 | 4 | _aEducación en el hogar | |
| 910 | _aVmateo V. Control de calidad. BPMSU | ||
| 942 |
_2ddc _cBK |
||
| 999 |
_c14541 _d14541 |
||